El absentismo laboral en la industria guipuzcoana. (Record no. 19754)

MARC details
000 -LEADER
campo de control de longitud fija 00531nam a2200157 i 4500
001 - NÚMERO DE CONTROL
campo de control 19754
003 - IDENTIFICADOR DE NÚMERO DE CONTROL
campo de control ES-MaACL
005 - FECHA Y HORA DE LA ÚLTIMA TRANSACCIÓN
campo de control 20230906152147.0
007 - CAMPO FIJO DE DESCRIPCIÓN FÍSICA--INFORMACIÓN GENERAL
campo de control de longitud fija t|
008 - DATOS DE LONGITUD FIJA--INFORMACIÓN GENERAL
campo de control de longitud fija 021011s1972 sp ||||1| spa d
245 03 - MENCIÓN DEL TÍTULO
Título El absentismo laboral en la industria guipuzcoana.
260 ## - PUBLICACIÓN, DISTRIBUCIÓN, ETC.
Lugar de publicación, distribución, etc. [San Sebastián] :
Nombre del editor, distribuidor, etc. Cámara de Comercio, Industria y Navegación de Guipúzcoa,
Fecha de publicación, distribución, etc. [1972]
300 ## - DESCRIPCIÓN FÍSICA
Extensión 105 p. ;
Dimensiones 24 cm.
710 00 - ENTRADA AGREGADA--NOMBRE DE ENTIDAD CORPORATIVA
Nombre de entidad corporativa o nombre de jurisdicción como elemento de entrada Cámara Oficial de Comercio, Industria y Navegación de Guipúzcoa.
9 (RLIN) 2394
852 ## - LOCALIZACIÓN
Ubicación ES-MaACL
Número de control de estantería C-45001
Sublocalización o colección R.83030
Holdings
Estatus retirado Estado de pérdida Estado de daño No para préstamo Biblioteca de origen Biblioteca actual Ubicación en estantería Fecha de adquisición Fuente de adquisición Total de préstamos Signatura topográfica completa Código de barras Visto por última vez Precio de reemplazo Tipo de ítem Koha
        Biblioteca del Ateneo de Madrid Biblioteca del Ateneo de Madrid Depósito 2 17/01/2008     C-45001 1020224 23/02/2023 23/02/2023 Libro impreso